| 000 | 01145cam a2200325 a 4500 | ||
|---|---|---|---|
| 001 | 16228722 | ||
| 003 | OSt | ||
| 005 | 20251209151918.0 | ||
| 008 | 100512s2010 ilu b 000 0 eng | ||
| 010 | _a 2010019861 | ||
| 020 |
_a9780830824335 _qpbk. : alk. paper |
||
| 035 | _a16228722 | ||
| 040 |
_aDLC _cDLC _dDLC |
||
| 050 | 0 | 0 |
_aBS1375.53 _b.F57 2010 |
| 082 | 0 | 0 |
_a222/.907 _222 |
| 100 | 1 | _aFirth, David G. | |
| 245 | 1 | 4 |
_aThe message of Esther : _bGod present but unseen / _cDavid G. Firth. |
| 260 |
_aDowners Grove, Ill. : _bInter-Varsity Press, _cc2010. |
||
| 300 |
_a140 p. ; _c21 cm. |
||
| 336 |
_atext _btxt _2rdacontent |
||
| 337 |
_aunmediated _bn _2rdamedia |
||
| 338 |
_avolume _bnc _2rdacarrier |
||
| 504 | _aIncludes bibliographical references. | ||
| 630 | 0 | 0 |
_aBible. _pEsther _vCommentaries. |
| 655 | 7 |
_aCommentaries. _2lcgft _0https://id.loc.gov/authorities/genreForms/gf2025026014 |
|
| 906 |
_a7 _bcbc _corignew _d1 _eecip _f20 _gy-gencatlg |
||
| 942 |
_2lcc _cBK |
||
| 999 |
_c20989 _d20988 |
||